Statistiken für Uniformträger der Deutschen Bundeswehr

Klicken Sie hier um das Quiz zu spielen!

Allgemein

  • Dieses Quiz wurde 116 mal gespielt
    (113 seit der letzten Aktualisierung)
  • Das Durchschnittsergebnis liegt bei 44 aus 70

Antwortstatistiken

Heer / Luftwaffe% Korrekt
General
99%
Feldwebel
94%
Leutnant
94%
Oberst
94%
Gefreiter
92%
Gefreiter
92%
Oberleutnant
91%
Hauptmann
89%
Major
89%
Obergefreiter
89%
Obergefreiter
89%
Oberfeldwebel
88%
Fähnrich
84%
Admiral
82%
Hauptgefreiter
82%
Hauptgefreiter
82%
Oberstleutnant
81%
Stabsfeldwebel
81%
Hauptfeldwebel
80%
Stabsgefreiter
80%
Stabsgefreiter
80%
Maat
77%
Unteroffizier
75%
Generalleutnant
74%
Generalmajor
74%
Brigadegeneral
73%
Oberstabsgefreiter
73%
Oberstabsgefreiter
73%
Oberfähnrich
72%
Bootsmann
70%
Fahnenjunker
70%
Oberstabsfeldwebel
70%
Stabsunteroffizier
66%
Kapitän zur See
65%
Oberbootsmann
65%
Stabshauptmann
65%
Obermaat
64%
Stabsarzt
64%
Stabsarzt
64%
Fregattenkapitän
58%
Hauptbootsmann
58%
Kapitänleutnant
58%
Oberstabsarzt
58%
Oberstabsarzt
58%
Vizeadmiral
58%
Korvettenkapitän
57%
Leutnant zur See
57%
Konteradmiral
56%
Stabsbootsmann
55%
Oberstabsbootsmann
51%
Oberleutnant zur See
50%
Flottillenadmiral
49%
Korporal
45%
Korporal
45%
Fähnrich zur See
44%
Stabskapitänleutnant
44%
Oberfähnrich zur See
42%
Generalarzt
39%
Oberfeldarzt
36%
Oberstarzt
36%
Stabskorporal
36%
Stabskorporal
36%
Generalstabsarzt
35%
Seekadett
32%
Generaloberstabsarzt
25%
Admiralarzt
19%
Admiraloberstabsarzt
19%
Admiralstabsarzt
19%
Flottillenarzt
16%
Flottenarzt
14%

Verteilung der Resultate

Perzentil nach korrekt beantworteten Fragen

Anzahl Personen mit jedem Resultat

Ihre Resultats-Entwicklung

Sie haben dieses Quiz seit der letzten Aktualisierung nicht gespielt